000
00331nam a2200145Ia 4500
100
_a
Womack/James/ Jones/D.T
650
_a
MANUFACTURING
942
_c
BK
654
_a
world
245
_a
The machine that changed the World
260
_b
Maxwell
_c
1990
082
_a
385.32
_b
WOM
300
_a
323
546
_a
ENGLISH
_c
Info.Tech
999
_c
26054
_d
26054